Revista de derecho pb︢lico

Bibliographic Details
Format: Serial
Language:Spanish
Published: Caracas : Editorial jurd̕ica venezolana, 1980-
Subjects:
Online Access:Acceso restringido

MARC

LEADER 00000nas a2200000 a 4500
005 2018042305455.0
007 cr|||| ||||
008 110614c19809999ve q| || ||| 0 ||spa|c
022 |a 1317-2719 
035 |a 21339 
040 |a ES-BaCBU  |b cat  |c ES-BaCBU  |d vLex 
080 |a 342 
090 |c 7808  |d 7808 
245 0 0 |a Revista de derecho pb︢lico  |h [Recurso electrn̤ico] 
256 |a Servicio en ln̕ea 
260 |a Caracas :  |b Editorial jurd̕ica venezolana,  |c 1980- 
300 |a 1 recurso electrn̤ico 
310 |a Trimestral 
362 0 |a Nð 1 (ene./mar. 1980)- 
504 |a Notas. Bibliografa̕ 
505 8 |a Incluye legislacin̤ y jurisprudencia 
506 |a Contenido disponible en los productos indicados  |d vLex Global  |d vLex Global (Academic Edition, excluding Law Schools)  |d vLex Global (U.S. Academic Edition, Law Schools)  |d vLex Global (U.S. Academic Edition, excluding Law Schools)  |d vLex Global (Academic Edition, Law Schools) 
650 0 4 |a Derecho pb︢lico  |x Revistas 
650 0 4 |a Derecho pb︢lico  |z Venezuela  |x Revistas 
650 0 4 |a Derecho pb︢lico 
740 0 |a vLex Revistas (Servicio en ln̕ea) 
856 4 2 |3 Acceso restringido  |u http://vlex.com/source/revista-de-derecho-publico-de-venezuela-21339 
942 |c REV 
999 0 |a Public law